| 000 | 00478nam a22001937a 4500 | ||
|---|---|---|---|
| 003 | OSt | ||
| 005 | 20180116183041.0 | ||
| 008 | 160222b xxu||||| |||| 00| 0 eng d | ||
| 020 | _a06-040-87-1 | ||
| 040 | _c0 | ||
| 050 | _a174.4 | ||
| 082 | _a174.4 | ||
| 100 | _aHafeez,Abid. | ||
| 245 |
_aMachine Crafts:The Transportation Problem. _bCase Studies. _cAbid Hafeez. |
||
| 260 |
_aLahore. _bLUMS _c1987. |
||
| 300 | _a2p. | ||
| 500 | _aPaper Cover | ||
| 942 |
_2ddc _cCS _k174.4 |
||
| 999 |
_c351230 _d351230 |
||